ბათუმის შოთა რუსთაველის სახელმწიფო უნივერსიტეტის ბიბლიოთეკა

Русский язык : (ბიბ.ჩანაწერი № 57983)

000 -LEADER
fixed length control field 01106nam a22002297 4500
001 - CONTROL NUMBER
control field RU\PGU\57483
005 - DATE AND TIME OF LATEST TRANSACTION
control field 20210415114113.0
008 - FIXED-LENGTH DATA ELEMENTS--GENERAL INFORMATION
fixed length control field 210414s1963 ru ||||| |||| 00| 0 ru d
041 ## - LANGUAGE CODE
Language code of text/sound track or separate title rus
080 ## - UNIVERSAL DECIMAL CLASSIFICATION NUMBER
Universal Decimal Classification number 811.161.1 З-55
100 10 - MAIN ENTRY--PERSONAL NAME
Personal name Земский, Андрей Михайлович
9 (RLIN) 11361
245 00 - TITLE STATEMENT
Title Русский язык :
Remainder of title Учебник для педагогических училищ. Ч.2. Синтаксис /
Statement of responsibility, etc. А.М.Земский, С.Е.Крючков, М.В.Светлаев; Под ред. В.В.Виноградова
250 00 - EDITION STATEMENT
Edition statement 6-е изд.,переработанное
264 ## - PRODUCTION, PUBLICATION, DISTRIBUTION, MANUFACTURE, AND COPYRIGHT NOTICE
Place of production, publication, distribution, manufacture Москва :
Name of producer, publisher, distributor, manufacturer Государственное учебно-педагогическое издательство Министерства просвещения Р.С.Ф.С.Р,
Date of production, publication, distribution, manufacture, or copyright notice 1963.
300 00 - PHYSICAL DESCRIPTION
Extent 183 стр.
Other physical details 22 см.
653 ## - INDEX TERM--UNCONTROLLED
keyword Русский язык
653 ## - INDEX TERM--UNCONTROLLED
keyword რუსული ენა
700 ## - ADDED ENTRY--PERSONAL NAME
Personal name Крючков, С. Е.
Relator term ავტორი
9 (RLIN) 11363
700 ## - ADDED ENTRY--PERSONAL NAME
Personal name Светлаев, М. В.
Relator term ავტორი
9 (RLIN) 11364
942 ## - ADDED ENTRY ELEMENTS (KOHA)
Source of classification or shelving scheme
Koha item type წიგნი
ეგზემპლარები
Withdrawn status Lost status Source of classification or shelving scheme Damaged status Not for loan Permanent Location Current Location Shelving location Date acquired Cost, normal purchase price Full call number Barcode Date last seen Copy number Price effective from Koha item type Public note
          ბათუმის შოთა რუსთაველის სახელმწიფო უნივერსიტეტის მთავარი ბიბლიოთეკა ბათუმის შოთა რუსთაველის სახელმწიფო უნივერსიტეტის მთავარი ბიბლიოთეკა წიგნსაცავი 2021-04-14 0.00 811.161.1 З-55 29237 2021-04-14 29237 2021-04-14 წიგნი 0,64 თ.